00465 a2200169 450000100060000002000180000604000240002424000310004824500260007930000070010536200090011244000180012165000310013994200070017095201010017799900170027845059 a9788506039229 cAnchieta - Aquarius10aPoemas com sol e sonslpor10aPoemas com sol e sons a720 a2006 1aMelhoramentos 4aLiteratura infanto-juvenil cBK 00104070a87.1b87.1d2023-11-21l0o028.5 POEp1594/AQUr2023-11-21 15:11:01w2023-11-21yBK c45059d45059